Top 20 Countries With The Most Facebook Users. - Statistics

General Stats
  • This quiz has been taken 65 times
  • The average score is 14 of 20
Answer Stats
Hint Answer % Correct
175M USA
98%
30.4M France
90%
83.75M Mexico
90%
24.5M Germany
88%
314.6M India
88%
109.05M Brazil
85%
34.4M UK
85%
27.95M Italy
77%
119.9M Indonesia
71%
42M Egypt
67%
37.3M Pakistan
67%
27.35M Argentina
65%
22.15M South Africa
56%
48.1M Thailand
56%
32.8M Turkiye
56%
43.25M Bangladesh
54%
33.5M Colombia
52%
66.2M Vietnam
46%
80.3M Philippines
42%
22.85M Peru
35%
No matching quizzes found
Score Distribution
Percent of People with Each Score
Percentile by Number Answered
Your Score History
You have not taken this quiz